| 000 | 00000nam 2200000zi 4500 |
| 001 | 9.875868 |
| 003 | CaOODSP |
| 005 | 20240402095140 |
| 006 | m o d f |
| 007 | cr ||||||||||| |
| 008 | 190704t20192019quc ob f000 0 fre d |
| 040 | |aCaOODSP|bfre|erda|cCaOODSP |
| 043 | |an-cn--- |
| 086 | 1 |aP29-4-43-126-2019F-PDF |
| 245 | 00|aReconditionnement, reconstruction et réparation des fûts pour le transport des marchandises dangereuses. |
| 264 | 1|aGatineau, Canada : |bOffice des normes générales du Canada : |bConseil canadien des normes = Standards Council of Canada, |c2019. |
| 264 | 4|c©2019 |
| 300 | |a1 ressource en ligne (iii, 21 pages). |
| 336 | |atexte|btxt|2rdacontent/fre |
| 337 | |ainformatique|bc|2rdamedia/fre |
| 338 | |aressource en ligne|bcr|2rdacarrier/fre |
| 490 | 1 |aNorme nationale du Canada ; |vCAN/CGSB-43.126-2019 |
| 500 | |a« Juillet 2019. » |
| 500 | |a« Expérience et excellence » -- Couverture. |
| 500 | |aRemplace CGSB-43.126-2008, Confirmée Avril 2014 incorpore le rectificatif No 1. |
| 500 | |aPublié aussi en anglais sous le titre : Reconditioning, remanufacturing and repair of drums for the transportation of dangerous goods. |
| 504 | |aComprend des références bibliographiques. |
| 520 | |a« Il s’agit de la troisième édition de la norme CAN/CGSB-43.126, Reconditionnement, reconstruction et réparation des fûts pour le transport des marchandises dangereuses. Elle remplace l’édition précédente publiée en 2008 et le rectificatif Nº 1 publié en novembre 2009. L’objet de la présente norme est son incorporation par renvoi au Règlement sur le transport des marchandises dangereuses (Règlement sur le TMD). S’il y a divergence entre les exigences du Règlement sur le TMD et celles de la présente norme, le Règlement sur le TMD prévaudra. La présente norme établit les exigences relatives au reconditionnement, à la reconstruction et à la réparation des fûts en acier et en plastique pour le transport des marchandises dangereuses. Elle est fondée sur les Recommandations relatives au transport des marchandises dangereuses – Règlement type, 20e édition révisée, publiées par les Nations Unies » -- Introduction, page iii. |
| 692 | 07|2gccst|aEntretien |
| 692 | 07|2gccst|aTransport des matières dangereuses |
| 692 | 07|2gccst|aNorme |
| 710 | 2 |aConseil canadien des normes. |
| 710 | 2 |aOffice des normes générales du Canada. |
| 775 | 08|tReconditioning, remanufacturing and repair of drums for the transportation of dangerous goods.|w(CaOODSP)9.875862 |
| 794 | |tReconditionnement, reconstruction et réparation des fûts pour le transport des marchandises dangereuses.|bQuatrième édition|w(CaOODSP)9.936183 |
| 795 | |tReconditionnement, reconstruction et réparation des fûts pour le transport des marchandises dangereuses |bavril 2014|w(CaOODSP)9.840365 |
| 830 | #0|aNorme nationale du Canada ;|vno 43.126-2019.|w(CaOODSP)9.504227 |
| 856 | 40|qPDF|s842 Ko|uhttps://publications.gc.ca/collections/collection_2019/ongc-cgsb/P29-4-43-126-2019-fra.pdf |
| 986 | |aICS 55.140 |